World Leaders Since 2000 - Statistics

General Stats
  • This quiz has been taken 62 times
  • The average score is 20 of 32
Answer Stats
Position Years Answer % Correct
x 2009-2017 Barack Obama
100%
x 2017-2021 Donald Trump
100%
x 2025-present Donald Trump
100%
x 2001-2009 George W. Bush
100%
x 2021-2025 Joe Biden
100%
x 1993-2001 Bill Clinton
96%
x 2005-2021 Angela Merkel
93%
x 2000-2008 Vladimir Putin
93%
x 2012-present Vladimir Putin
93%
x 2019-2022 Boris Johnson
88%
x 2017-present Emmanuel Macron
88%
x 2013-present Xi Jinping
86%
x 2015-2025 Justin Trudeau
80%
x 2021-present Olaf Scholz
71%
x 2016-2019 Theresa May
70%
x 2022-2024 Rishi Sunak
68%
x 2010-2016 David Cameron
66%
x 2022 Liz Truss
66%
x 1997-2007 Tony Blair
64%
x 2008-2012 Dmitry Medvedev
54%
x 2007-2010 Gordon Brown
50%
x 2007-2012 Nicolas Sarkozy
48%
x 2012-2017 François Hollande
46%
x 2025-present Mark Carney
46%
x 1995-2007 Jacques Chirac
43%
x 1998-2005 Gerhard Schröder
32%
x 2006-2015 Stephen J. Harper
32%
x 2003-2013 Hu Jintao
23%
x 1993-2003 Jean Chrétien
20%
x 1993-2003 Jiang Zemin
16%
x 2003-2006 Paul Martin
11%
x 2024-present Kier Starner
5%
No matching quizzes found
Score Distribution
Percent of People with Each Score
Percentile by Number Answered
Your Score History
You have not taken this quiz